Movie Cakes Quiz Stats

 Plays Quiz Updated Jun 4, 2015

Score 0/22 Timer 06:00
11 Plays Today
% Correct
Harry Potter
99.6%
The Wizard of Oz
96.8%
Cars
96.3%
The Lion King
95.3%
E.T.: The Extra Terrestrial
94.8%
Back to the Future
94.5%
Despicable Me
93.5%
Kung Fu Panda
88.3%
The Hobbit
88.2%
The Avengers
87.9%
Star Trek
87.8%
% Correct
Up
87.5%
Bride of Frankenstein
86.6%
Willy Wonka and the Chocolate Factory
85.6%
The Nightmare Before Christmas
84.8%
Ghostbusters
82.4%
Gremlins
81.9%
The Dark Knight
81%
Wreck-It Ralph
75.1%
The Empire Strikes Back
74.2%
Beetlejuice
74.1%
Pulp Fiction
73.9%

You're not logged in!

Compare scores with friends on all Sporcle quizzes.
OR
Log In

Sporcle TV

Today on Sporcle TV


Watch our educational content, quiz creation guides, and fun videos on Sporcle TV.

Show Comments

Extras

Top Quizzes Today


Score Distribution

Your Account Isn't Verified!

In order to create a playlist on Sporcle, you need to verify the email address you used during registration. Go to your Sporcle Settings to finish the process.

Report this User

Report this user for behavior that violates our Community Guidelines.

Details: